000 00605nam a22002177a 4500
999 _c6288
_d6288
003 OSt
005 20190903093151.0
008 190903b ||||| |||| 00| 0 eng d
020 _a9780071326407
040 _cDDC
082 _a657.3 PEN 2013
100 _aPenman,H.Stephen.
_97749
245 _aFinancial Statement Analysis and Security Valuation
250 _a5th ed
260 _aNew York;
_bMcGraw-hill,
_c2013
300 _axxxvi,740p;
_bill:
_c25.5cm
504 _aAppendix, & index included
650 _aFinancial statement
_912906
650 _aFinancial evaluation
_912907
942 _2z
_cBOOK